Ngô Gia Tự người Cộng Sản lỗi lạc
Đây là cuốn sách viết về cuộc đời hoạt động cách mạng vô cùng vẻ vang của đồng chí Ngô Gia Tự, một trong những tấm gương sáng ngời thuộc thế hệ chiến sỹ cộng sản tiền bối của Đảng.
Tallennettuna:
| Päätekijä: | |
|---|---|
| Aineistotyyppi: | Kirja |
| Kieli: | Undetermined |
| Julkaistu: |
Hà Nội
Chính trị Quốc gia
2004
|
| Aiheet: | |
| Tagit: |
Lisää tagi
Ei tageja, Lisää ensimmäinen tagi!
|
| Thư viện lưu trữ: | Trung tâm Học liệu Trường Đại học Cần Thơ |
|---|
| LEADER | 00898nam a2200205Ia 4500 | ||
|---|---|---|---|
| 001 | CTU_225482 | ||
| 008 | 210402s9999 xx 000 0 und d | ||
| 082 | |a 959.704092 | ||
| 082 | |b Th250 | ||
| 100 | |a Thế Văn | ||
| 245 | 0 | |a Ngô Gia Tự người Cộng Sản lỗi lạc | |
| 245 | 0 | |c Thế Văn | |
| 260 | |a Hà Nội | ||
| 260 | |b Chính trị Quốc gia | ||
| 260 | |c 2004 | ||
| 520 | |a Đây là cuốn sách viết về cuộc đời hoạt động cách mạng vô cùng vẻ vang của đồng chí Ngô Gia Tự, một trong những tấm gương sáng ngời thuộc thế hệ chiến sỹ cộng sản tiền bối của Đảng. | ||
| 650 | |a Chủ nghĩa Cộng sản,Communists | ||
| 650 | |x Tiểu sử,Biography | ||
| 910 | |b dqhieu | ||
| 980 | |a Trung tâm Học liệu Trường Đại học Cần Thơ | ||